Фильмы с Робином Уильямсом - Армагеддон - Statistics

General Stats
  • This quiz has been taken 8 times
  • The average score is 7 of 15
Answers on the Grid
Answers color-coded by a green-red scale on the quiz's grid according to % correct below.
Смерть ей к лицу
Фото за час
Ночь в музее
Флаббер
Чужой: Воскрешение
Могучие утята
Двухсотлетний человек
Целитель Адамс
Простая история
Последний кадр
Умница Уилл Хантинг
12 обезьян
Попай
Джуманджи
Человек года
Донни Дарко
Гремлины 2
Большой переполох в маленьком Китае
Игра
Доброе утро, Вьетнам
Трудный ребёнок 2
Жизнь во время войны
Общество мёртвых поэтов
Ночь в Роксберри
Куда приводят мечты
Страна приливов
Мир по Гарпу
В яблочко!
Фокус-покус
Джек
 
Answer Stats
Answer % Correct
Флаббер
86%
Умница Уилл Хантинг
86%
Двухсотлетний человек
71%
Джуманджи
71%
Общество мёртвых поэтов
71%
Доброе утро, Вьетнам
57%
Куда приводят мечты
57%
Фото за час
43%
Ночь в музее
29%
Целитель Адамс
29%
Попай
29%
Человек года
29%
Последний кадр
14%
Мир по Гарпу
14%
Джек
14%
No matching quizzes found
Score Distribution
Percent of People with Each Score
Percentile by Number Answered
Your Score History
You have not taken this quiz